000 00994cam a2200301 i 4500
001 9928991973804341
003 OSt
005 20241215104614.0
008 000419s2000 stkacf b 001 0 eng d
020 _a0443058342
035 _a2899197
035 _a(StEdNL)2899197-nlsdb-Voyager
040 _aStEdNL
_cLHL
100 1 _aWright, Stephen G.,
_cMSc.
245 1 0 _aSacred space :
_bright relationship and spirituality in healthcare /
_cStephen G. Wright, Jean Sayre-Adams.
264 _aEdinburgh :
_bChurchill Livingstone,
_c2000.
300 _ax, 156 pages, 10 pages of plates :
_bill., ports. ;
_c24 cm.
336 _2rdacontent
_atext
_btxt
337 _2rdamedia
_aunmediated
_bn
338 _2rdacarrier
_avolume
_bnc
504 _aIncludes bibliographical references and index.
650 0 _aMedical personnel
_xConduct of life.
650 0 _aCaregivers.
650 0 _aSpiritual life.
650 0 _aHolistic medicine.
700 1 _aSayre-Adams, Jean.
942 _2LCS
_cBOOK
_n0
999 _c2507
_d2507